000 014810000a22002170004500
020 _a978-958-44-6099-8
082 0 4 _aG 344.09698 D5421d
100 1 _aDíaz Escandon, Samuel
245 1 0 _aDerechos y obligaciones de las iglesias y confesiones religiosas frente a la ley Colombiana / Samuel Díaz Escandon
250 _a3
260 _aColombia : Instituto Cristiano de Estudios Sociales y políticos "Juan Calvino" (ICES)
300 _a304 p.
501 _aRústico
505 0 0 _aLibertad religiosas y los derechos humanos -- las Naciones Unidas y la libertad religiosa -- la iglesia católica y la libertad religiosa -- la libertad religiosa y de cultos en Colombia, antecedentes históricos, constitución 1991, educación, régimen matrimonial, tutela; financiación y régimen contable y tributario aplicable a las iglesias y confesiones religiosas y sus ministros del culto; evolución y trámite de las personerías jurídicas para las iglesias, confesiones, denominaciones y asociaciones de ministros -- relaciones del Estado Colombiano y la iglesia Católica -- relaciones del Estado Colombiano y las entidades religiosas cristianas no católicas.
650 1 4 _aCOLOMBIA - HISTORIA \ IGLESIA Y DERECHOS CIVILES \ IGLESIA - DENOMINACIONES \ IGLESIA Y EDUCACION \ IGLESIA Y ESTADO \ IGLESIA Y DERECHOS CIVILES
001 18377
942 _cBK
999 _c44823
_d44823
336 _atexto
_btxt
_2rdacontent
337 _2rdamedia
_asin mediación
_bn
338 _2rdacarrier
_avolumen
_bnc